00493 2200193 4500001002100000005001500021035002000036007000300056008004100059020002200100082000800122084001400130100001400144245002400158250001100182260004800193300004100241650001700282INLIS00000000000114520210928072117 a0010-0921000044ta210928 d f ind  a978-602-06-3953-6 a813 a813 TER n0 aTere Liye1 aNebula /cTere Liye acet. 6 aJakarta :bPT Gramedia Pustaka Utama,c2020 a376 hal. :bilus. ;c13,5 cm x 20 cm anovel remaja